[Event "Terres Catalanes 15th"]
[Site "Ampuriabrava"]
[Date "1997.09.17"]
[Round "1"]
[White "Izeta Txabarri, Felix"]
[Black "Garcia Ilundain, David"]
[Result "1/2-1/2"]
[WhiteElo "2525"]
[BlackElo "2495"]

1.d4 Nf6 2.Nf3 e6 3.c4 Bb4+ 4.Nbd2 b6 5.a3 Bxd2+ 6.Bxd2 h6 7.Bf4 Bb7 8.e3 d6
9.Bd3 Nbd7 10.O-O Nh5 11.Bg3 Nxg3 12.fxg3 Nf6 13.Qe2 c5 14.dxc5 bxc5 15.e4 Ng4
16.Rad1 O-O 17.Bb1 Qb6 18.e5 Bxf3 19.Qc2 g6 20.Rxd6 Qc7 21.Qc3 Be2 22.Re1 Bxc4
23.h3 Nxe5 24.Qxe5 Rac8 25.Qf4 Bb3 26.Kh2 h5 27.Qh6 Rfd8 28.Bxg6 Rxd6 29.Bh7+ Kh8  1/2-1/2

[Event "EUCup Gr6"]
[Site "Heraklio"]
[Date "1997.10.11"]
[Round "2"]
[White "Yakovich, Yuri"]
[Black "Yanik, Emine"]
[Result "1-0"]
[WhiteElo "2610"]
[BlackElo "2035"]

1.d4 Nf6 2.c4 e6 3.Nf3 Bb4+ 4.Nbd2 b6 5.a3 Bxd2+ 6.Qxd2 O-O 7.e3 Bb7 8.Be2 Ne4
9.Qc2 f5 10.O-O d6 11.Ne1 Nd7 12.f3 Nef6 13.b4 Qe7 14.Bb2 Rae8 15.Nd3 e5
16.dxe5 dxe5 17.Nf2 e4 18.f4 c5 19.Rfd1 Rc8 20.Bc3 Rfd8 21.Qb2 Ne8 22.Rd2 Bc6
23.b5 Bb7 24.a4 Ndf6 25.a5 Rxd2 26.Bxd2 h6 27.a6 Ba8 28.Bc3 Rd8 29.Rd1 Rxd1+
30.Bxd1 Nd7 31.Be2 Nef6 32.Qd2 Kf7 33.g4 g6 34.gxf5 gxf5 35.Nh1 Ke6 36.Ng3 Qf8
37.Qd1 Qg8 38.Kf2 Qg6 39.Bxf6 Nxf6 40.Qd8 Qe8 41.Qc7 Nd7 42.Bh5 Qh8 43.Bf7+ Kxf7
44.Qxd7+  1-0

[Event "London"]
[Site "London"]
[Date "1997.10.19"]
[Round "2"]
[White "Gormally, Daniel"]
[Black "Shaked, Tal"]
[Result "1/2-1/2"]
[WhiteElo "2425"]
[BlackElo "2500"]

1.d4 Nf6 2.c4 e6 3.Nf3 Bb4+ 4.Nbd2 b6 5.a3 Bxd2+ 6.Bxd2 Bb7 7.g3 Bxf3 8.exf3 d5
9.Bg2 O-O 10.f4 Nc6 11.Bc3 Qd7 12.O-O dxc4 13.Qa4 Nd5 14.Qxc4 Rfd8 15.Rfe1 Rac8
16.f5 Kh8 17.fxe6 fxe6 18.Re2 Nxc3 19.bxc3 Na5 20.Qxe6 Qxe6 21.Rxe6 c5 22.d5 Nc4
23.Re7 a5 24.a4 Nd6 25.Rae1 b5 26.axb5 Nxb5 27.Rb7 Nxc3 28.Ree7 Nxd5 29.Rxg7 Nf6
30.Rgf7 Rd6 31.g4 h6 32.h4 Rg8 33.Bf3 Rg6 34.Kg2 Kg8 35.Rfc7 Rd8 36.Kg3 Nh5+
37.Kh2 Rf6 38.Kg2 Nf4+ 39.Kg3 Ne6 40.Rd7 Rxd7 41.Rxd7 Nd4 42.Bd5+ Kf8 43.f3 Ne2+
44.Kf2 Nf4 45.Bc4 Ng6 46.Ra7  1/2-1/2

[Event "Andalucia-chT"]
[Site "Malaga"]
[Date "1997.11.01"]
[Round "1"]
[White "Castillo Gallego, Sergio"]
[Black "Garcia Albarracin, JA."]
[Result "1/2-1/2"]
[WhiteElo "2170"]
[BlackElo "2100"]

1.d4 Nf6 2.c4 e6 3.Nf3 Bb4+ 4.Nbd2 O-O 5.a3 Bxd2+ 6.Qxd2 b6 7.e3 Bb7 8.b4 d6
9.Bb2 Nbd7 10.Be2 Ne4 11.Qc2 f5 12.O-O Qe7 13.Nd2 Nxd2 14.Qxd2 Qg5 15.f3 Rf6
16.Rf2 Rh6 17.c5 Nf6 18.c6 Bxc6 19.Rc1 Be8 20.Bd3 c6 21.e4 Qxd2 22.Rxd2 f4
23.Ba6 Rb8 24.d5 exd5 25.e5 Nd7 26.Rxc6 Nxe5 27.Rc7 Bf7 28.Bb7 Nc4 29.Rxf7 Rxb7
30.Rxb7 Nxd2 31.Rxg7+ Kf8 32.Rxa7 Re6 33.Kf2 Nc4 34.Bg7+ Kg8 35.a4 Ne3 36.g3 Nd1+
37.Kf1 Ne3+ 38.Kf2 Nd1+ 39.Kf1 Ne3+ 40.Kg1 fxg3 41.hxg3 Nf5 42.Bb2 Re2 43.Bf6 d4
44.a5 bxa5 45.b5 d3 46.Bc3 Nd4 47.b6 Nxf3+ 48.Kf1 Nh2+ 49.Kg1 Nf3+  1/2-1/2

[Event "RUS-Cup01 Chigorin mem"]
[Site "St Petersburg"]
[Date "1997.11.06"]
[Round "6"]
[White "Klimov, Sergey"]
[Black "Macieja, Bartlomiej"]
[Result "1-0"]
[WhiteElo "2355"]
[BlackElo "2470"]

1.d4 Nf6 2.c4 e6 3.Nf3 Bb4+ 4.Nbd2 b6 5.e3 Bb7 6.Bd3 c5 7.O-O cxd4 8.exd4 O-O
9.a3 Bd6 10.b4 Nc6 11.Bb2 Ne7 12.Re1 Ng6 13.c5 Be7 14.Rc1 Rc8 15.Nc4 d6 16.cxb6 axb6
17.b5 Ra8 18.Ra1 Qb8 19.Bf1 Rc8 20.Qb3 Bd5 21.Rec1 e5 22.Qd1 Bxc4 23.Rxc4 Rxc4
24.Bxc4 e4 25.Ne1 d5 26.Bf1 h5 27.Nc2 Bd6 28.h3 Qf8 29.a4 Bb8 30.Ba3 Qd8
31.Ne3 Qc7 32.g3 h4 33.Rc1 Qd8 34.g4 Nh7 35.Qb3 Nf4 36.Nf5 Bc7 37.Qc2 Ra7
38.Ne7+ Kh8 39.Nc6 Qg5 40.Nxa7 Ne6 41.Qxc7 Nxc7 42.Rxc7 g6 43.Bc1 Qf6 44.Nc6 Kg8
45.a5 Ng5 46.Bxg5 Qxg5 47.axb6 e3 48.b7 exf2+ 49.Kg2 Qe3 50.b8=Q+ Kg7 51.Re7  1-0

[Event "Bayern-chI Bank Hofmann"]
[Site "Bad Wiessee"]
[Date "1997.11.16"]
[Round "2"]
[White "Hertneck, Gerald"]
[Black "Jaenig, Reinhard"]
[Result "1-0"]
[WhiteElo "2525"]
[BlackElo "2240"]

1.d4 Nf6 2.c4 e6 3.Nf3 Bb4+ 4.Nbd2 O-O 5.a3 Be7 6.e4 d5 7.e5 Ne4 8.Bd3 Nxd2
9.Bxd2 dxc4 10.Bxc4 b6 11.O-O Ba6 12.Bxa6 Nxa6 13.Qe2 Qc8 14.Qe4 Qd7 15.Qb7 Qc8
16.Qc6 Rb8 17.Rfc1 Qb7 18.b4 Qxc6 19.Rxc6 Rb7 20.Rac1 Rc8 21.Be3 Nb8 22.R6c3 c6
23.Nd2 Rd8 24.Ne4 h6 25.g3 Kh7 26.Kg2 f5 27.exf6 gxf6 28.Nd2 Kg6 29.Nf3 Bd6
30.Re1 Re7 31.Bc1 Rde8 32.Re4 f5 33.Rh4 Rh7 34.Bf4 Bxf4 35.Rxf4 Rc7 36.Ne5+ Kg5
37.Rh4 h5 38.f4+ Kh6 39.g4 fxg4 40.Nxg4+ Kg6 41.Ne5+ Kf5 42.Rxh5+ Ke4 43.Nf3 Kxf4
44.Nd2 Rg8+ 45.Kh3  1-0

[Event "Bayern-chI Bank Hofmann"]
[Site "Bad Wiessee"]
[Date "1997.11.21"]
[Round "7"]
[White "De Francesco, Klaus"]
[Black "Goetz, Andreas"]
[Result "0-1"]
[WhiteElo "2280"]
[BlackElo "2190"]

1.d4 Nf6 2.c4 e6 3.Nf3 Bb4+ 4.Nbd2 b6 5.e3 Bb7 6.Bd3 Ne4 7.O-O Nxd2 8.Bxd2 Bxd2
9.Qxd2 Bxf3 10.gxf3 Nc6 11.f4 Qh4 12.Kh1 Ne7 13.Rg1 g6 14.Be4 Rd8 15.d5 O-O
16.Bf3 Nc8 17.Rg5 h6 18.Rg4 Qf6 19.Rag1 Kh7 20.e4 e5 21.Qe3 Rh8 22.fxe5 Qxe5
23.b3 Nd6 24.Rh4 Qg7 25.Rg3 Rde8 26.Qc1 Kg8 27.Rhg4 Kf8 28.c5 bxc5 29.Qxc5 Qe5
30.Qxc7 h5 31.Rg5 Qf6 32.e5 Rxe5 33.Rxe5 Qxe5 34.Qxa7 Nf5 35.Rg1 Nh4 36.Qc5+ Kg7
37.Bg2 Nxg2 38.Kxg2 h4 39.Rd1 h3+ 40.Kf1 Qxh2 41.Qc3+ f6 42.Qf3 Rh5 43.Rd3 Rf5
44.Qg3 Qh1+ 45.Qg1 Qe4 46.Rxh3 Rxd5  0-1

[Event "Argenteuil"]
[Site "Argenteuil"]
[Date "1997.??.??"]
[Round "7"]
[White "Silva, Sebastain"]
[Black "Lukov, Valentin"]
[Result "0-1"]
[WhiteElo "2375"]
[BlackElo "2475"]

1.d4 Nf6 2.Nf3 e6 3.c4 Bb4+ 4.Nbd2 b6 5.a3 Bxd2+ 6.Qxd2 Bb7 7.e3 d6 8.Bd3 Nbd7
9.Qc2 e5 10.d5 Nc5 11.Bf5 a5 12.O-O a4 13.Nd2 Bc8 14.Bxc8 Qxc8 15.b4 axb3
16.Nxb3 Nxb3 17.Qxb3 O-O 18.Qc2 Qd7 19.f4 Qa4 20.Qd3 Nd7 21.Bb2 Nc5 22.Qe2 f6
23.Rf3 Rae8 24.Rh3 exf4 25.Qh5 Qc2 26.Bd4 Nb3 27.Qd1 Nxa1  0-1

[Event "NZD-ch"]
[Site "Auckland"]
[Date "1997.??.??"]
[Round "5"]
[White "Barlow, Matthew"]
[Black "Martin, Benjamin"]
[Result "0-1"]
[WhiteElo "2200"]
[BlackElo "2375"]

1.d4 Nf6 2.c4 e6 3.Nf3 Bb4+ 4.Nbd2 b6 5.a3 Bxd2+ 6.Bxd2 Bb7 7.Bg5 d6 8.e3 Nbd7
9.Qc2 Qe7 10.Nd2 c5 11.f3 Rc8 12.dxc5 Rxc5 13.Bh4 O-O 14.Be2 d5 15.b4 Rcc8
16.Qb3 dxc4 17.Nxc4 Bd5 18.e4 b5 19.exd5 bxc4 20.Bxc4 exd5+ 21.Be2 Qe5 22.Qd1 Rfe8
23.Ra2 Qc3+ 24.Kf1 Ne5 25.Be1 Qc6 26.g3 d4 27.Kg2 Qd5 28.Rd2 Nfg4 29.Bf2 Nxf2
30.Kxf2 Rcd8 31.Bd3 Nc4 32.Bxc4 Qxc4 33.Re1 Rxe1 34.Qxe1 d3 35.Qa1 h6 36.Qb2 Re8
37.Kf1 Qd5 38.Kf2 Qe6 39.Rxd3 Qe1+ 40.Kg2 Re2+  0-1

[Event "AUT-chT2W 9697"]
[Site "Austria"]
[Date "1997.??.??"]
[Round "4"]
[White "Dizdar, Goran"]
[Black "Hertneck, Gerald"]
[Result "1-0"]
[WhiteElo "2525"]
[BlackElo "2575"]

1.d4 Nf6 2.Nf3 e6 3.c4 Bb4+ 4.Nbd2 b6 5.g3 Bb7 6.Bg2 O-O 7.O-O Re8 8.Qc2 c5
9.e4 Bxd2 10.Nxd2 Nc6 11.e5 Ng4 12.Qd1 f5 13.h3 Nh6 14.dxc5 Qc7 15.cxb6 axb6
16.f4 Nf7 17.b3 Nfxe5 18.fxe5 Qxe5 19.Rb1 Qxg3 20.a4 Ne5 21.Qe2 Nd3 22.Nf3 e5
23.Qxd3 Be4 24.Qe3 Bxb1 25.Nxe5 Qxe3+ 26.Bxe3 Be4 27.Bxe4 fxe4 28.Nxd7 Rad8
29.Rd1 Kf7 30.Bxb6 Rc8 31.a5 e3 32.Re1 Re7 33.Nc5 Rc6 34.Nd3 e2 35.Nf4 Re4
36.Nxe2 Rce6 37.Kf2 Rf6+ 38.Kg2 Ke8 39.Bf2 Rfe6 40.Kf1  1-0

[Event "AUT-chT2W 9798"]
[Site "Austria"]
[Date "1997.??.??"]
[Round "6"]
[White "Bachmayr, Peter"]
[Black "Hertneck, Gerald"]
[Result "0-1"]
[WhiteElo "2360"]
[BlackElo "2525"]

1.d4 Nf6 2.Nf3 e6 3.c4 Bb4+ 4.Nbd2 d5 5.e3 O-O 6.Bd3 dxc4 7.Bxc4 b6 8.O-O Bb7
9.Qe2 Nbd7 10.Rd1 Qe7 11.Ba6 Bxa6 12.Qxa6 e5 13.dxe5 Nxe5 14.Nxe5 Qxe5 15.Nf3 Qh5
16.Bd2 Bd6 17.Bc3 Ne4 18.Qc4 Nxc3 19.Qxc3 Rae8 20.Qc4 Kh8 21.Rd4 f5 22.Rad1 a5
23.Rh4 Qg6 24.Rhd4 Re4 25.g3 Qg4 26.Kg2 c5 27.h3 Qg6 28.Rxe4 fxe4 29.Nd2 Rxf2+
30.Kxf2 Qxg3+ 31.Kf1 Qxh3+  0-1

[Event "SCO-ch"]
[Site "Aviemore"]
[Date "1997.??.??"]
[Round "5"]
[White "Beaton, Kenneth S"]
[Black "Buchanan, Walter F"]
[Result "1/2-1/2"]
[WhiteElo "2140"]
[BlackElo "2160"]

1.d4 Nf6 2.Nf3 e6 3.c4 Bb4+ 4.Nbd2 O-O 5.e3 b6 6.Bd3 Bb7 7.O-O d5 8.a3 Bd6
9.b4 c5 10.cxd5 exd5 11.bxc5 bxc5 12.Rb1 Ba6 13.Bxa6 Nxa6 14.Qa4 Qc8 15.Ne5 c4
16.Bb2 Nc7 17.e4 dxe4 18.Ndxc4 Qe6 19.Bc3 Nfd5 20.Bd2 Nb6 21.Qc2 Bxe5 22.Nxe5 Ncd5
23.Qxe4 f6 24.Qg4 Rfe8 25.Qxe6+ Rxe6 26.Nf3 Nc4 27.Bb4 Ra6 28.Bc5 Ra4 29.Rfe1 Ndb6
30.Rb3 Kf7 31.Re7+ Kg8 32.g3 Nd5 33.Rd7 Ndb6 34.Re7 Nd5 35.Re1 Kf7 36.Re2 Kg8
37.Nd2 Na5 38.Rb2 Nc6 39.Nf3 Nc3 40.Re6 Rc8 41.Rc2 Nd5 42.Rce2 Nc3 43.R2e3 Nb5
44.Rd3 Kf7 45.d5 Rc4 46.Be3 Rd8 47.Bd2 Ncd4 48.Nxd4 Rxd4 49.Ree3 R4xd5  1/2-1/2

[Event "Regionalliga SW9798"]
[Site "Bayern"]
[Date "1997.??.??"]
[Round "?"]
[White "Ritter, Thomas"]
[Black "Schulz, Juergen"]
[Result "0-1"]
[WhiteElo "1930"]
[BlackElo "2040"]

1.d4 Nf6 2.Nf3 e6 3.c4 Bb4+ 4.Nbd2 O-O 5.a3 Bxd2+ 6.Bxd2 Ne4 7.e3 b6 8.Bd3 Bb7
9.Qc2 f5 10.O-O d6 11.Rfd1 Nd7 12.Be1 Ndf6 13.b4 Qe8 14.Nd2 Qg6 15.Nxe4 Bxe4
16.Bxe4 fxe4 17.f3 Qh5 18.f4 Ng4 19.Qxe4 Qxh2+ 20.Kf1 Rae8 21.Ke2 Qh5 22.Kd2 e5
23.Qd5+ Kh8 24.Bg3 Qg6 25.Re1 Nf6 26.f5 Qxg3 27.Qc6 exd4 28.exd4 Qf2+  0-1

[Event "Oberliga Bayern9697"]
[Site "Bayern"]
[Date "1997.??.??"]
[Round "?"]
[White "Arbakov, Valentin"]
[Black "Pezerovic, Edin"]
[Result "1-0"]
[WhiteElo "2550"]
[BlackElo "2445"]

1.c4 Nf6 2.d4 e6 3.Nf3 Bb4+ 4.Nbd2 O-O 5.e3 d5 6.a3 Bxd2+ 7.Bxd2 Ne4 8.Rc1 Nd7
9.Bd3 Nxd2 10.Qxd2 c6 11.O-O Re8 12.Rfd1 Qe7 13.Qc3 Nf6 14.b4 a6 15.h3 h6
16.Bb1 Rd8 17.Ne5 Bd7 18.Rd2 Be8 19.Rb2 Nd7 20.Qc2 g6 21.Nf3 f5 22.a4 Kg7
23.Ba2 Qd6 24.Qc3 g5 25.b5 axb5 26.axb5 Kf6 27.Bb1 Rab8 28.g4 Bg6 29.Kg2 h5
30.gxf5 exf5 31.bxc6 bxc6 32.Rxb8 Rxb8 33.cxd5 cxd5 34.Bd3 h4 35.Qc7 Qxc7
36.Rxc7 Nf8 37.Rc6+ Ne6 38.Nxg5 Kxg5 39.Rxe6 Rf8 40.f4+ Kh6 41.Rd6 Kg7 42.Rxd5 Kf6
43.Rd6+ Kg7 44.Rd5 Kf6 45.Re5 Ra8 46.Kf2 Ra2+ 47.Ke1 Rb2 48.Kd1 Rh2 49.d5 Rxh3
50.d6 Rh1+ 51.Kd2 Ra1 52.d7 Ra8 53.Bb5 Rd8 54.Ke2 h3 55.Kf2 h2 56.Kg2 Rh8
57.Kh1 Bf7 58.Bd3 Bh5 59.Be4 Kg7 60.Bc6  1-0

[Event "Oberliga Bayern9697"]
[Site "Bayern"]
[Date "1997.??.??"]
[Round "?"]
[White "De Francesco, Klaus"]
[Black "Lickleder, Andreas"]
[Result "1-0"]
[WhiteElo "2255"]
[BlackElo "2210"]

1.d4 Nf6 2.Nf3 e6 3.c4 Bb4+ 4.Nbd2 b6 5.a3 Bxd2+ 6.Bxd2 Ne4 7.Bf4 O-O 8.e3 f5
9.h3 Bb7 10.d5 d6 11.dxe6 Qf6 12.Qc2 Qxe6 13.Bd3 a5 14.O-O a4 15.Nd4 Qf6
16.f3 Nc5 17.Bxf5 g6 18.Bd3 Nxd3 19.Qxd3 Nd7 20.Nb5 Nc5 21.Qc2 Rf7 22.Kh1 Ba6
23.Nd4 d5 24.Nb5 Rc8 25.Rad1 dxc4 26.Nc3 b5 27.Nd5 Qg7 28.Nb4 Bb7 29.Bh2 Rcf8
30.Nd5 Nd3 31.Nxc7 Qf6 32.Nxb5 Qg5 33.Nd6 Rxf3 34.gxf3 Rxf3 35.Nxb7  1-0

[Event "Beersheba 16th"]
[Site "Beersheba"]
[Date "1997.??.??"]
[Round "9"]
[White "Mikhalevski, Alexander"]
[Black "Finkel, Alexander"]
[Result "1-0"]
[WhiteElo "2470"]
[BlackElo "2505"]

1.d4 Nf6 2.c4 e6 3.Nf3 Bb4+ 4.Nbd2 b6 5.a3 Bxd2+ 6.Qxd2 Bb7 7.g3 O-O 8.Bg2 d6
9.O-O Qe7 10.b3 Re8 11.Bb2 Nbd7 12.Rad1 h6 13.Rfe1 a5 14.d5 exd5 15.Nd4 Ne4
16.Qc1 dxc4 17.Nf5 Qg5 18.Nxg7 Qxc1 19.Rxc1 Reb8 20.Rxc4 Ndc5 21.Nh5 d5 22.Rc2 Rd8
23.f3 Nd6 24.Rd1 Ne8 25.Rd4 Nxb3 26.Rg4+ Kf8 27.Be5 b5 28.Nf6 c5 29.Rh4 Ke7
30.Rxh6 Ra6 31.Ng8+ Kf8 32.Rh8 Re6 33.Nh6+ Ke7 34.f4 Nf6 35.Rxd8 Kxd8 36.Nxf7+ Ke7
37.Nh6 Ne4 38.Nf5+ Kd8 39.h4 b4 40.h5 c4 41.axb4 a4 42.Bxe4 dxe4 43.h6  1-0

[Event "Bello Horizonte Centenario op"]
[Site "Bello Horizonte"]
[Date "1997.??.??"]
[Round "4"]
[White "Okamura, Milton Kasuo"]
[Black "Miranda, Marcio MC"]
[Result "1/2-1/2"]
[WhiteElo "2200"]
[BlackElo "2305"]

1.d4 Nf6 2.c4 e6 3.Nf3 Bb4+ 4.Nbd2 d5 5.Qa4+ Nc6 6.e3 Bd7 7.Qc2 O-O 8.a3 Be7
9.b3 a5 10.Bb2 a4 11.b4 dxc4 12.Nxc4 Na7 13.Bd3 Bb5 14.O-O c6 15.Nfe5 Nc8
16.f4 Nd6 17.Rac1 Nxc4 18.Nxc4 g6 19.Ne5 Bxd3 20.Qxd3 Qd5 21.Nc4 Ra6 22.Nd2 Rd8
23.e4 Qd7 24.Qe2 Ne8 25.Rce1 Bf6 26.Nf3 Bg7 27.Ne5 Qc7 28.Rc1 Qe7 29.Rfd1 Nd6
30.Qf3 f5 31.exf5 gxf5 32.Qe2 Raa8 33.Rd3 Ne4 34.Qc2 Qh4 35.Rf1  1/2-1/2

[Event "Berliner Sommer"]
[Site "Berlin"]
[Date "1997.??.??"]
[Round "4"]
[White "Bajarany, Ilgar"]
[Black "Gasimov, Ragim"]
[Result "1-0"]
[WhiteElo "2380"]
[BlackElo "2395"]

1.d4 e6 2.Nf3 Nf6 3.c4 Bb4+ 4.Nbd2 b6 5.e3 Bb7 6.Bd3 Bxd2+ 7.Nxd2 d6 8.O-O e5
9.Qc2 Qe7 10.b3 e4 11.Be2 Nbd7 12.Bb2 h5 13.Rae1 Ng4 14.h3 f5 15.Qc3 Ngf6
16.f3 h4 17.d5 c6 18.fxe4 fxe4 19.dxc6 Bxc6 20.b4 Ne5 21.c5 Nd3 22.Bxd3 exd3
23.b5 Bxb5 24.Qb4 Bc6 25.cxd6 Qd7 26.e4 O-O-O 27.Rc1 Kb7 28.a4 Rh5 29.Qd4 Rg5
30.Rf3 Qe6 31.Rxd3 Bxe4 32.Nxe4 Qxe4 33.Rc7+ Kb8 34.Qxe4 Nxe4 35.Rxg7 Rxg7
36.Bxg7 Kc8 37.Be5 Nc5 38.Rd4 Re8 39.Bf6 Kd7 40.Bxh4 Re3 41.Be7 a5 42.h4 Re5
43.g4 b5 44.axb5 a4 45.Bf6 Re2 46.g5 a3 47.Rd1 Ne4 48.b6 Nxf6 49.gxf6 a2
50.f7  1-0

[Event "Berliner Sommer"]
[Site "Berlin"]
[Date "1997.??.??"]
[Round "4"]
[White "Suhl, Dirk"]
[Black "Urday, Henry"]
[Result "0-1"]
[WhiteElo "2320"]
[BlackElo "2445"]

1.d4 Nf6 2.Nf3 e6 3.c4 Bb4+ 4.Nbd2 O-O 5.a3 Be7 6.e4 d5 7.Bd3 c5 8.e5 Nfd7
9.cxd5 exd5 10.O-O Nc6 11.Re1 a5 12.Qc2 h6 13.Nf1 cxd4 14.Ng3 Nc5 15.Bf5 Be6
16.Bxh6 gxh6 17.Qc1 Bxf5 18.Nxf5 Ne6 19.Qxh6 Re8 20.Rad1 Bf8 21.Qh5 Bg7 22.Qg4 Kf8
23.h4 Ra6 24.Qh5 Ne7 25.Nd6 Rxd6 26.exd6 Qxd6 27.g3 Nc6 28.Qf5 Re7 29.Ng5 Nxg5
30.Qxg5 Re4 31.Qf5 Qe6 32.Qxe6 fxe6 33.f3 Rxe1+ 34.Rxe1 Ne5 35.Kg2 Kf7 36.b3 Nd3
37.Rd1 Nb2 38.Rd2 d3 39.f4 Bc3 40.Rxb2 Bxb2  0-1

[Event "Berliner Sommer"]
[Site "Berlin"]
[Date "1997.??.??"]
[Round "9"]
[White "Thinius, Marco"]
[Black "Ikonnikov, Vyacheslav"]
[Result "0-1"]
[WhiteElo "2310"]
[BlackElo "2550"]

1.Nf3 Nf6 2.d4 e6 3.c4 Bb4+ 4.Nbd2 d5 5.Qa4+ Nc6 6.a3 Be7 7.e3 O-O 8.Bd3 a5
9.O-O Bd7 10.Qc2 a4 11.e4 g6 12.Re1 Na5 13.Ne5 dxe4 14.Nxe4 Nb3 15.Bh6 Nxa1
16.Rxa1 Be8 17.Qc3 Nh5 18.Bxf8 Bxf8 19.Re1 Be7 20.Bf1 b6 21.g3 c5 22.dxc5 f6
23.g4 Nf4 24.Nf3 f5 25.Qe3 fxe4 26.Qxe4 Qb8 27.cxb6 Ra5 28.Rd1 g5 29.Qe3 Bf8
30.b4 axb3 31.Qxb3 Rxa3 32.Qb2 Rxf3 33.b7 Bc5 34.Rd8 Rxf2 35.Rxb8 Rg2+  0-1

[Event "Biel op MTO"]
[Site "Biel"]
[Date "1997.??.??"]
[Round "4"]
[White "Cebalo, Miso"]
[Black "Foisor, Ovidiu"]
[Result "1/2-1/2"]
[WhiteElo "2485"]
[BlackElo "2425"]

1.d4 Nf6 2.Nf3 e6 3.c4 Bb4+ 4.Nbd2 b6 5.a3 Bxd2+ 6.Bxd2 Bb7 7.g3 O-O 8.Bg2 d6
9.O-O Nbd7 10.b4 Qe7 11.Qc2 c5 12.dxc5 dxc5 13.Rfd1 Rfc8 14.b5 a6 15.bxa6 Rxa6
16.Bf4 Be4 17.Qb2 Nf8 18.Bh3 Ne8 19.Nd2 Bc6 20.Nb1 Ng6 21.Bd2 Nd6 22.Rc1 Rd8
23.Bf1 e5 24.Be1 e4  1/2-1/2

[Event "Biel op MTO"]
[Site "Biel"]
[Date "1997.??.??"]
[Round "8"]
[White "Alexandria, Nana"]
[Black "Zayac, Elena"]
[Result "0-1"]
[WhiteElo "2295"]
[BlackElo "2240"]

1.d4 Nf6 2.c4 e6 3.Nf3 Bb4+ 4.Nbd2 O-O 5.a3 Be7 6.e4 d5 7.Bd3 dxe4 8.Nxe4 Nc6
9.Nc3 b6 10.O-O Bb7 11.Be3 g6 12.h3 Nb8 13.Qe2 c5 14.Rfd1 Qc8 15.dxc5 bxc5
16.Rab1 Nc6 17.Bf4 Re8 18.Qe3 Nh5 19.Bh2 f5 20.Be2 e5 21.Nd5 f4 22.Qd3 Bd8
23.Nd2 Nd4 24.Ne4 Bxd5 25.cxd5 Nf6 26.Nd6 Qd7 27.Nxe8 Qxe8 28.Qc4 Bb6 29.Bd3 e4
30.Re1 Qe5 31.d6+ Kg7 32.d7 Qf5 33.Bf1 Rd8 34.Qc1 g5 35.b4 cxb4 36.Rxb4 Rxd7
37.Rb5 Nxb5 38.Bxb5 Qxb5 39.Bxf4 gxf4 40.Qxf4 Qh5 41.Rc1 Qg6 42.Rc3 e3  0-1

[Event "Budapest FS04 IM"]
[Site "Budapest"]
[Date "1997.??.??"]
[Round "1"]
[White "Gudat, Alfons"]
[Black "Eperjesi, Laszlo"]
[Result "0-1"]
[WhiteElo "2115"]
[BlackElo "2340"]

1.d4 Nf6 2.Nf3 e6 3.c4 Bb4+ 4.Nbd2 O-O 5.Qc2 d5 6.a3 Be7 7.g3 a5 8.b3 c5
9.cxd5 cxd4 10.Bg2 Nxd5 11.O-O Nc6 12.Bb2 Bf6 13.Ne4 e5 14.Nxf6+ Nxf6 15.Rfd1 Qb6
16.Nxe5 Nxe5 17.Bxd4 Qe6 18.Qc7 Ned7 19.b4 axb4 20.axb4 Rxa1 21.Rxa1 Nd5
22.Qa5 N7f6 23.e4 Ne7 24.b5 h5 25.f3 Ng6 26.Rc1 h4 27.Bf1 Qb3 28.Bc3 Be6
29.Be2 Rc8 30.Bd1 Qa2 31.Qxa2 Bxa2 32.Kf2 Ne5 33.Be2 Be6 34.gxh4 Ng6 35.Bd2 Rxc1
36.Bxc1 Nxh4 37.Ke3 Kf8 38.Kd4 Nd7 39.f4 f5 40.e5 b6 41.Ba3+ Kf7 42.Bh5+ g6
43.Be2 Ba2 44.Bb4 Ng2 45.Bd2 Nc5 46.Bc4+ Bxc4 47.Kxc4 Ke6 48.Bc1 Ne4 49.Kd3 Kd5
50.Ke2 Nc5 51.Kf2 Nd3+ 52.Kxg2 Nxc1 53.Kf3 Na2  0-1

[Event "Buenos Aires op"]
[Site "Buenos Aires"]
[Date "1997.??.??"]
[Round "2"]
[White "Sorin, Ariel"]
[Black "Robledo, Nestor Daniel"]
[Result "1-0"]
[WhiteElo "2460"]
[BlackElo "2280"]

1.d4 Nf6 2.c4 e6 3.Nf3 Bb4+ 4.Nbd2 b6 5.e3 Bb7 6.Bd3 O-O 7.O-O d5 8.a3 Be7
9.b4 c5 10.bxc5 dxc4 11.c6 Nxc6 12.Nxc4 Rc8 13.Bd2 b5 14.Nce5 Nxe5 15.Nxe5 Qd5
16.Qf3 Ne4 17.Bb4 Bxb4 18.axb4 f5 19.Rxa7 Rc7 20.Bxe4 fxe4 21.Qe2 Rfc8 22.h4 Rc2
23.Qh5 R2c7 24.Kh2 Qd6 25.Rb1 Bd5 26.Rc1 g6 27.Qh6 Qe7 28.Raxc7 Rxc7 29.Rc5 Rxc5
30.dxc5 Qf6 31.Qf4 Qe7 32.Qg5 Qf8 33.Kg3  1-0

[Event "Buenos Aires op"]
[Site "Buenos Aires"]
[Date "1997.??.??"]
[Round "6"]
[White "Sorin, Ariel"]
[Black "Valerga, Diego"]
[Result "1-0"]
[WhiteElo "2460"]
[BlackElo "2445"]

1.d4 Nf6 2.c4 e6 3.Nf3 Bb4+ 4.Nbd2 b6 5.e3 Bb7 6.Bd3 O-O 7.O-O c5 8.a3 Bxd2
9.Bxd2 d6 10.Bc3 Nbd7 11.b4 Qe7 12.Nd2 Rfc8 13.Rc1 d5 14.dxc5 bxc5 15.Qe2 dxc4
16.Nxc4 Nd5 17.Bd2 cxb4 18.axb4 Rab8 19.b5 Nc5 20.Bb1 Ba8 21.e4 Nb3 22.exd5 Nxc1
23.Bxc1 Bxd5 24.Ne3 Qc5 25.Bd3 Ba8 26.Bb2 Rd8 27.Qg4 Qf8 28.Bc4 Rbc8 29.h4 Rd7
30.Qg3 h5 31.Ra1 Be4 32.Ra5 Rdc7 33.b6 axb6 34.Rg5 Bg6 35.Bxe6 fxe6 36.Rxg6 Rf7
37.Be5 Rc1+ 38.Kh2 Qe7 39.Rg5 Qd7 40.Rxh5 Qd3 41.Rg5 Qh7 42.Ng4 Rc4 43.Bxg7  1-0

[Event "Goodricke op"]
[Site "Calcutta"]
[Date "1997.??.??"]
[Round "5"]
[White "Sriram, Jha"]
[Black "Gasimov, Ragim"]
[Result "1/2-1/2"]
[WhiteElo "2300"]
[BlackElo "2405"]

1.d4 Nf6 2.c4 e6 3.Nf3 Bb4+ 4.Nbd2 O-O 5.e3 b6 6.Bd3 Bb7 7.O-O d5 8.cxd5 exd5
9.Ne5 Bd6 10.b3 Qe7 11.Bb2 Nbd7 12.f4 Ne4 13.Nxd7 Qxd7 14.Nxe4 dxe4 15.Bc4 b5
16.Be2 Bd5 17.Qd2 c6 18.Bc3 Qe7 19.Rfb1 b4 20.Bb2 a5 21.Rc1 a4 22.bxa4 Rxa4
23.Bc4 Rfa8 24.Qc2 Qd7 25.Bb3 R4a5 26.Re1 h6 27.Rad1 Qe6 28.Rd2 R8a6 29.Rf2 f5
30.Rc1 Kh7 31.Re1 Be7 32.Rc1 Qd7 33.Re1 Bh4 34.g3 Be7 35.Rg2 Bf6 36.Rf2 Ra8
37.Rg2 Rc8 38.Qd1 Qe6 39.Rd2 Rc7 40.Ree2 Qf7 41.Re1 Rd7 42.Qc2 Qh5 43.Rf2 Be7
44.Rd2 Qg6 45.Qd1 Rd6 46.Qc2 h5 47.Rg2 Qg4 48.Qd2 Rh6 49.Bd1 Qg6 50.a3 Qd6
51.axb4 Ra2 52.Qc1 Qxb4 53.Bc3 Rxg2+ 54.Kxg2 Qc4 55.Be2 Qb3 56.Qb2 h4 57.Qxb3 Bxb3
58.Rb1 Bd5 59.Bb4 Bd8 60.Ra1 hxg3 61.hxg3 g5 62.Ra7+ Kg6 63.Ba6 gxf4 64.gxf4 Bf6  1/2-1/2

[Event "Cannes op-B 18th"]
[Site "Cannes"]
[Date "1997.??.??"]
[Round "5"]
[White "Saint Denis, Xavier"]
[Black "Vujovic, M."]
[Result "1-0"]
[WhiteElo "2160"]
[BlackElo "2255"]

1.d4 Nf6 2.c4 e6 3.Nf3 Bb4+ 4.Nbd2 d5 5.e3 c6 6.a3 Be7 7.Bd3 b6 8.O-O Ba6
9.b4 O-O 10.Qe2 c5 11.b5 dxc4 12.Bxc4 Bb7 13.Bb2 Nbd7 14.Rad1 cxd4 15.exd4 Nd5
16.g3 Rc8 17.Rfe1 Qc7 18.Rc1 Qb8 19.Ne4 Qa8 20.Nfd2 Rfd8 21.h4 Nf8 22.Bd3 h6
23.Rxc8 Rxc8 24.Nc4 Qb8 25.Ne5 Qc7 26.Qh5 Bf6 27.Rc1 Qe7 28.Rxc8 Bxc8 29.Qxf7+ Qxf7
30.Nxf7 Bd7 31.Ne5 Be7 32.Nxd7 Nxd7 33.Bc4 Kf7 34.Kf1 N7f6 35.Nxf6 Nxf6 36.Ke2 Ne4
37.d5 Bf6 38.dxe6+ Ke7 39.Bxf6+ Kxf6 40.Ke3 Nd6 41.Kd4 g5 42.Kd5 Ke7 43.hxg5 hxg5
44.f4 gxf4 45.gxf4 Nb7 46.Ke5 Nd6 47.Bd3 Ne8 48.f5 Nf6 49.Be2 Ne8 50.Bh5 Nf6
51.Bg6 Ng4+ 52.Kd5 Ne3+ 53.Kc6 Nc4 54.a4 Nb2 55.Kb7 Nxa4 56.Kxa7 Kd6 57.Kb7 Ke7
58.Kc7 Kf6 59.Kd8 Nc5 60.e7 Nb7+ 61.Kc7  1-0

[Event "Cappelle op"]
[Site "Cappelle la Grande"]
[Date "1997.??.??"]
[Round "4"]
[White "Poluljahov, Aleksandr"]
[Black "Komljenovic, Davor"]
[Result "1-0"]
[WhiteElo "2510"]
[BlackElo "2460"]

1.d4 Nf6 2.Nf3 e6 3.c4 Bb4+ 4.Nbd2 b6 5.e3 Bb7 6.Bd3 O-O 7.a3 Be7 8.e4 d5
9.cxd5 exd5 10.e5 Nfd7 11.Qc2 h6 12.O-O c5 13.Re1 Nc6 14.dxc5 bxc5 15.Nf1 c4
16.Bh7+ Kh8 17.Bf4 Nc5 18.Rad1 Ne6 19.Be3 d4 20.Bf5 Qb6 21.Bxh6 gxh6 22.Bxe6 fxe6
23.Qg6 Rxf3 24.Qxh6+ Kg8 25.gxf3 Nd8 26.Nd2 Nf7 27.Qg6+ Kf8 28.Ne4 Nxe5 29.Qh6+ Kg8
30.Kh1 Nxf3 31.Rg1+ Ng5 32.Rxg5+ Bxg5 33.Qxg5+ Kf7 34.Qf4+ Ke7 35.Rg1 Rf8
36.Rg7+ Ke8 37.Qb8+ Qd8 38.Qxb7  1-0

[Event "Cerrado"]
[Site "Cerrado"]
[Date "1997.??.??"]
[Round "4"]
[White "Del Rey, Diego"]
[Black "Gil Capape, Javier"]
[Result "1/2-1/2"]
[WhiteElo "2325"]
[BlackElo "2435"]

1.d4 Nf6 2.c4 e6 3.Nf3 Bb4+ 4.Nbd2 b6 5.a3 Bxd2+ 6.Bxd2 Bb7 7.Bg5 d6 8.e3 Nbd7
9.Bh4 Qe7 10.Be2 h6 11.Nd2 O-O 12.O-O c5 13.Re1 Rfc8 14.Rc1 Nf8 15.Bd3 N8h7
16.f4 Qd7 17.e4 cxd4 18.Nf3 d5 19.cxd5 Rxc1 20.Qxc1 exd5 21.e5 Ne4 22.Nxd4 Rc8
23.Qe3 Qg4 24.Bf2 Nf8 25.h3 Qd7 26.Bh4 Ne6 27.Nf5 Kh8 28.Nd4 Qa4 29.Nf5 Qb3
30.Bxe4 Qxe3+ 31.Rxe3 dxe4 32.Nd6 Rc1+ 33.Kh2 Bd5 34.f5 Nd4 35.f6 g5 36.Bg3 Rc2  1/2-1/2

[Event "Chemnitz op"]
[Site "Chemnitz"]
[Date "1997.??.??"]
[Round "6"]
[White "Rogozenko, Dorin"]
[Black "Haba, Petr"]
[Result "1/2-1/2"]
[WhiteElo "2490"]
[BlackElo "2580"]

1.d4 Nf6 2.c4 e6 3.Nf3 Bb4+ 4.Nbd2 b6 5.a3 Bxd2+ 6.Bxd2 Bb7 7.Bg5 d6 8.e3 Nbd7
9.Qc2 h6 10.Bh4 Qe7 11.Rd1 O-O 12.Be2 c5 13.O-O Rfd8 14.h3 Rac8 15.dxc5 Nxc5
16.Nd2 g5 17.Bg3 Nce4 18.Nxe4 Nxe4 19.Bh2 d5 20.Bd3 b5 21.Bxe4 dxe4 22.Rxd8+ Qxd8
23.c5 Qd3 24.Qc1  1/2-1/2